| Tag |
First Indicator |
Second Indicator |
Subfields |
| LEADER |
00000cam a22000001a 4500 |
| 001 |
in00003134513 |
| 005 |
20190403172152.0 |
| 006 |
m o d |
| 007 |
cr un mmmapmmp |
| 008 |
080123s1941 dcu o f000 0 eng d |
| 035 |
|
|
|a cis2004209940
|
| 040 |
|
|
|a UMI
|c UMI
|d UtOrBLW
|
| 043 |
|
|
|a n-us---
|
| 099 |
|
|
|a ProQuest Serial Set Number 10544 S.rp.309
|
| 110 |
1 |
|
|a United States.
|b Congress.
|b Senate.
|b Committee on Military Affairs.
|
| 245 |
1 |
0 |
|a Amending the act approved June 28, 1940, entitled "An act to expedite the national defense, and for other purposes," in order to extend the power to establish priorities and allocate material.
|
| 246 |
1 |
|
|a To extend power to establish priorities and allocate material in connection with defense contracts
|
| 264 |
|
1 |
|a Washington :
|b [publisher not identified],
|c 1941.
|
| 300 |
|
|
|a 1 online resource.
|
| 336 |
|
|
|a text
|b txt
|2 rdacontent
|
| 337 |
|
|
|a computer
|b c
|2 rdamedia
|
| 338 |
|
|
|a online resource
|b cr
|2 rdacarrier
|
| 490 |
0 |
|
|a S.rp.309
|
| 500 |
|
|
|a Record is based on bibliographic data in ProQuest U.S. Serial Set Digital Collection (last viewed Jan. 2008). Reuse except for individual research requires license from ProQuest, LLC.
|
| 510 |
3 |
|
|a ProQuest U.S. Serial Set Digital Collection
|
| 500 |
|
|
|a Electronic resource.
|
| 650 |
|
0 |
|a Defense contracts.
|
| 650 |
|
0 |
|a Authority.
|
| 655 |
|
7 |
|a Electronic books.
|2 local
|
| 710 |
2 |
|
|a ProQuest (Firm)
|
| 830 |
|
0 |
|a United States congressional serial set.
|
| 856 |
4 |
0 |
|u http://proxy.library.tamu.edu/login?url=http://congressional.proquest.com/congcomp/getdoc?SERIAL-SET-ID=10544+S.rp.309
|z Connect to the full text of this electronic book
|t 0
|
| 999 |
|
|
|a MARS
|
| 999 |
f |
f |
|s 93482f02-e739-36aa-bf39-13c62b522c3d
|i b619507d-08fe-3295-bda7-4a9b7ae8410c
|t 0
|
| 952 |
f |
f |
|a Texas A&M University
|b College Station
|c Electronic Resources
|d Available Online
|t 0
|e ProQuest Serial Set Number 10544 S.rp.309
|h Other scheme
|
| 998 |
f |
f |
|a ProQuest Serial Set Number 10544 S.rp.309
|t 0
|l Available Online
|